| 000 | 00579nas a2200193 a 4500 | ||
|---|---|---|---|
| 001 | 000037093 | ||
| 003 | DLC | ||
| 005 | 20200930080133.0 | ||
| 008 | 120213c19499999dr qr1pdd 0 0spa d | ||
| 040 |
_aDO-SdBNP _bspa |
||
| 043 | _anwdr | ||
| 245 | 0 | 0 | _aBoletín oficial. |
| 260 |
_aCiudad Trujillo, República Dominicana : _bCámara de Cuentas de la República, _c1949. |
||
| 300 |
_av. ; _c23 cm. |
||
| 310 | _aTrimestral | ||
| 362 | 0 | _aAño4. No. 20 (Ene/mar. 1949) | |
| 650 | 0 |
_aAdministración pública _zRepública Dominicana _93011 |
|
| 651 | 0 |
_aRepública Dominicana _910483 |
|
| 999 |
_c36583 _d36583 |
||